| 000 | 00471nam a2200157Ia 4500 | ||
|---|---|---|---|
| 008 | 160316s1990 xxu||||| |||| 00| 0 eng d | ||
| 082 |
_a341.448000 _bCUL |
||
| 100 | _aCullen Richard | ||
| 245 | _aFedralism in action : The Australian and Canadian offshore disputes | ||
| 250 | _a | ||
| 260 |
_aSidney _bThe Federation Press _c1990 |
||
| 300 |
_a249p. _b _c |
||
| 365 | _bGratis | ||
| 650 | _a1.Territorial Waters - Australia 2.Territorial Waters - Canada | ||
| 700 |
_a _a |
||
| 999 |
_c7131 _d7131 |
||